| 000 | 04645nam a22007095i 4500 | ||
|---|---|---|---|
| 001 | 978-3-031-17040-9 | ||
| 003 | DE-He213 | ||
| 005 | 20260304124031.0 | ||
| 007 | cr nn 008mamaa | ||
| 008 | 221101s2023 sz | s |||| 0|eng d | ||
| 020 |
_a9783031170409 _9978-3-031-17040-9 |
||
| 024 | 7 |
_a10.1007/978-3-031-17040-9 _2doi |
|
| 050 | 4 | _aBJ59 | |
| 072 | 7 |
_aHPQ _2bicssc |
|
| 072 | 7 |
_aPHI005000 _2bisacsh |
|
| 072 | 7 |
_aQDTQ _2thema |
|
| 082 | 0 | 4 |
_a174.96 _223 |
| 100 | 1 |
_aStahl, Bernd Carsten. _eauthor. _0(orcid)0000-0002-4058-4456 _1https://orcid.org/0000-0002-4058-4456 _4aut _4http://id.loc.gov/vocabulary/relators/aut _923497 |
|
| 245 | 1 | 0 |
_aEthics of Artificial Intelligence _h[electronic resource] : _bCase Studies and Options for Addressing Ethical Challenges / _cby Bernd Carsten Stahl, Doris Schroeder, Rowena Rodrigues. |
| 250 | _a1st ed. 2023. | ||
| 264 | 1 |
_aCham : _bSpringer International Publishing : _bImprint: Springer, _c2023. |
|
| 300 |
_aXII, 116 p. 6 illus., 5 illus. in color. _bonline resource. |
||
| 336 |
_atext _btxt _2rdacontent |
||
| 337 |
_acomputer _bc _2rdamedia |
||
| 338 |
_aonline resource _bcr _2rdacarrier |
||
| 341 | 0 |
_bTable of contents navigation _2onix |
|
| 341 | 0 |
_bSingle logical reading order _2onix |
|
| 341 | 0 |
_bShort alternative textual descriptions _2onix |
|
| 341 | 0 |
_bUse of color is not sole means of conveying information _2onix |
|
| 341 | 0 |
_bUse of high contrast between text and background color _2onix |
|
| 341 | 0 |
_bNext / Previous structural navigation _2onix |
|
| 341 | 0 |
_bAll non-decorative content supports reading without sight _2onix |
|
| 347 |
_atext file _bPDF _2rda |
||
| 490 | 1 |
_aSpringerBriefs in Research and Innovation Governance, _x2452-0527 |
|
| 505 | 0 | _aChapter 1. Introduction -- Chapter 2. Why Case Studies? -- Chapter 3. Discrimination -- Chapter 4. Privacy -- Chapter 5. Surveillance capitalism -- Chapter 6. Manipulation -- Chapter 7. Life, Liberty and Security of Person -- Chapter 8. Dignity -- Chapter 9. Unemployment -- Chapter 10. International Justice -- Chapter 11. Conclusion -- Index. | |
| 506 | 0 | _aOpen Access | |
| 520 | _aThis open access collection of AI ethics case studies is the first book to present real-life case studies combined with commentaries and strategies for overcoming ethical challenges. Case studies are one of the best ways to learn about ethical dilemmas and to achieve insights into various complexities and stakeholder perspectives. Given the omnipresence of AI ethics in academic, policy and media debates, the book will be suitable for a wide range of audiences, from scholars of different disciplines (e.g. AI science, ethics, politics, philosophy, economics) to policy-makers, lobbying NGOs, teachers and the educated public. | ||
| 532 | 8 | _aAccessibility summary: This PDF does not fully comply with PDF/UA standards, but does feature limited screen reader support, described non-text content (images, graphs), bookmarks for easy navigation and searchable, selectable text. Users of assistive technologies may experience difficulty navigating or interpreting content in this document. We recognize the importance of accessibility, and we welcome queries about accessibility for any of our products. If you have a question or an access need, please get in touch with us at accessibilitysupport@springernature.com. | |
| 532 | 8 | _aNo reading system accessibility options actively disabled | |
| 532 | 8 | _aPublisher contact for further accessibility information: accessibilitysupport@springernature.com | |
| 650 | 0 |
_aTechnology _xMoral and ethical aspects. |
|
| 650 | 0 | _aArtificial intelligence. | |
| 650 | 0 |
_aTechnology _xPhilosophy. |
|
| 650 | 0 | _aComputers and civilization. | |
| 650 | 1 | 4 | _aEthics of Technology. |
| 650 | 2 | 4 | _aArtificial Intelligence. |
| 650 | 2 | 4 | _aPhilosophy of Technology. |
| 650 | 2 | 4 | _aComputers and Society. |
| 700 | 1 |
_aSchroeder, Doris. _eauthor. _0(orcid)0000-0002-3633-2758 _1https://orcid.org/0000-0002-3633-2758 _4aut _4http://id.loc.gov/vocabulary/relators/aut |
|
| 700 | 1 |
_aRodrigues, Rowena. _eauthor. _4aut _4http://id.loc.gov/vocabulary/relators/aut _923498 |
|
| 710 | 2 | _aSpringerLink (Online service) | |
| 773 | 0 | _tSpringer Nature eBook | |
| 776 | 0 | 8 |
_iPrinted edition: _z9783031170393 |
| 776 | 0 | 8 |
_iPrinted edition: _z9783031170416 |
| 830 | 0 |
_aSpringerBriefs in Research and Innovation Governance, _x2452-0527 |
|
| 856 | 4 | 0 | _uhttps://doi.org/10.1007/978-3-031-17040-9 |
| 912 | _aZDB-2-REP | ||
| 912 | _aZDB-2-SXPR | ||
| 912 | _aZDB-2-SOB | ||
| 999 |
_c579784 _d579784 |
||